000 01265nam a2200337 i 4500
003 EG-GICUC
005 20260121101434.0
008 251206s1987 ua ||||fr|||| 00| 0 ara d
017 _a٧٩٥٨ / ١٩٨٨
020 _a٤ - ٠٤٢٨ - ٠٤ - ٩٧٧
040 _a EG-GICUC
_bara
_c EG-GICUC
_d EG-GICUC
_erda
041 0 _aara
082 0 4 _221
_a345.4
_bف ت . م
092 0 4 _221
099 _aLaw1 07 345.4 ف ت . م 1 ed - 1987
100 0 _aفتحي فكري
_eمؤلف.
245 1 0 _aمبادئ قانون الوظيفة العامة.
_nالجزء الأول /
_cدكتور فتحي فكري.
250 _aالطبعة الأولى
264 1 _aالقاهرة :
_bدار النهضة العربية،
_c1987.
300 _a382 ؛صفحة
_c24 سم.
336 _2rda content
_atext
337 _2rda media
_aComputer
338 _2rda carrier
_aOnline Resource
504 _aيشتمل على إرجاعات ببليوجرافية.
546 _aالنص أغلبه باللغة العربية مع بعض النصوص الفرنسية
650 1 4 _aالوظيفة العامة
650 1 4 _aالقاون الإداري
856 4 0 _uhttps://fll.law.cu.edu.eg/fulltext/bks/B07-01249.pdf
905 _a32
_eYara
942 _2ddc
_cBK
_e21
_n0
999 _c48622
_d48622